000 00545cam a2200193 a 4500
001 996180
005 20190411153316.0
008 910712s1991 nju b 001 0 eng
035 _a(CStRLIN)NYCG91-B65068
040 _aDLC
_cDLC
_dDLC
050 0 0 _bQ100.55.M4
_aN93 2007
100 1 _aNyandemo, Samwel M.
245 1 0 _aResearch methodology :
_bmethods and approaches
_cby Samwel M. Nyandemo
260 _aNairob i
_bHerman Manyora
_c2007
300 _a103p.;
_c20 cm.
650 0 _xResearch
_xMethodology
942 _2lcc
_cBK
999 _c35253
_d35253